000 01373cad a22002175a 4500
001 L138535
008 070619e20070619xxk f f000 0 eng d
035 _a(Sirsi) u138535
041 0 _aeng
050 0 4 _a711.4 $2 18
110 1 _aUnited Kingdom
_bDepartment for Communities and Local Government
_94939
245 0 0 _aDelivering housing and regeneration
_bCommunities England and the future of social housing regeneration
_bconsultation
_h[electronic resource]
260 _aLondon
_bDCLG
_c2007
520 _aOffers proposals on the creation and role of Communities England. Its core purpose will be to increase the supply of affordable housing. It will aim to regenerate and transform underperforming urban centres and disadvantaged estates. The proposals are to achieve this by promoting mixed communities, using public sector assets and land effectively, encouraging private finance and raising environmental standards. The powers, processes and skills needed for these purposes are outlined in the document. Responses are due by 10 September 2007.
590 _aKA NTK
650 2 4 _aCOMMUNITIES ENGLAND
651 4 _aEngland
_y886-
690 _aENVIRONMENTAL AND LAND CONSULTANCY-SUSTAINABILITY-SUSTAINABLE DEVELOPMENT
856 4 0 _uhttps://www.communities.gov.uk/index.asp?id=1511392
_zView the article free of charge at www.communities.gov.uk...
942 _n0
999 _c107199
_d107199